000 00300nam a2200133 i 4500
001 bg
100 1 _aMACHLUP, F.
245 0 _aIntegracja gospodarcza... /
_cF. Machlup.
260 _aWarszawa,
_c1986.
040 _cBPK
041 _apol
942 _cKS
008 s pl f |000 0 pol
999 _c23262
_d23262
856 _uhttp://koha.tu.koszalin.pl/cgi-bin/koha/opac-detail.pl?biblionumber=23262
_yKatalog online BPK